Mezinárodní vědecká konference doktorandů a mladých vědeckých pracovníků sborník příspěvků = conference proceedings

Salvato in:
Dettagli Bibliografici
Enti autori: Mezinárodní vědecká konference doktorandů a mladých vědeckých pracovníků, Slezská univerzita v Opavě. Obchodně podnikatelská fakulta v Karviné
Altri autori: Pellešová, Pavlína
Natura: Libro
Lingua:ceco
inglese
Pubblicazione: Karviná Slezská univerzita v Opavě 2008
Soggetti:
Tags: Aggiungi Tag
Nessun Tag, puoi essere il primo ad aggiungerne!!

MARC

LEADER 00000nlm$a2200000$$$4500
001 0091598
005 20240109070350.6
020 |a 978-80-7248-504-8 
041 0 |a cze 
041 0 |a eng 
044 |a CZ 
245 1 0 |a Mezinárodní vědecká konference doktorandů a mladých vědeckých pracovníků  |b sborník příspěvků = conference proceedings  |c editor Pavlína Pellešová ... [et al.] 
264 1 |a Karviná  |b Slezská univerzita v Opavě  |c 2008 
300 |a CD-ROM 
610 2 0 |a ekonómia 
610 2 0 |a marketing 
610 2 0 |a spotrebitelia 
610 2 0 |a podnikanie 
610 2 0 |a vzťahy hospodárske medzinárodné 
700 1 |a Pellešová, Pavlína 
110 2 |a Mezinárodní vědecká konference doktorandů a mladých vědeckých pracovníků 
710 2 |a Slezská univerzita v Opavě. Obchodně podnikatelská fakulta v Karviné